Novena -IX- Asamblea Anual "Omar Dengo"

में बचाया:
ग्रंथसूची विवरण
निगमित लेखक: Sindicato de Educadores Costarricenses
स्वरूप: अज्ञात
प्रकाशित: San José: SEC
विषय:
टैग: टैग जोड़ें
कोई टैग नहीं, इस रिकॉर्ड को टैग करने वाले पहले व्यक्ति बनें!

MARC

LEADER 00000 a2200000 04500
001 15513
003
008 991231s d
040 |a CRAI/IIS  |c CRAI/IIS 
090 |a 020616  
110 |a Sindicato de Educadores Costarricenses  
245 |a Novena -IX- Asamblea Anual "Omar Dengo"  
260 |a San José:   |b SEC  
300 |a 84 p.  
650 |a SINDICATOS  
999 |c 6958  |d 6958